000 00629nam a2200181Ia 4500
003 LDD
008 190117s9999 xx 000 0 und d
020 _a9788126318070
_c₹160
040 _cLDD
041 _ahi
082 _a8H3.7 शु1166क्रौ-2
100 _aशुक्ल, ऋता
245 0 _aक्रौंचवध तथा अन्य कहानियाँ
_cऋता शुक्ल
260 _aनई दिल्ली
_bभारतीय ज्ञानपीठ
_c2009
300 _a175पृ.
901 _aBJ
942 _2ddc
_cH
999 _c171819
_d171819